Kluby piłkarskie Sierra Leone - nagła śmierć - Statystyki

Ogólne statystyki
  • Ten quiz został rozwiązany 5 razy
  • Średni wynik to 4 z 12
Answers on the Grid
Answers color-coded by a green-red scale on the quiz's grid according to % correct below.
ENPPI Club
East End Lions FC
Sekhukhune United FC
Kallon FC
Bo Rangers FC
ZESCO United
Diamond Stars FC
Mighty Blackpool FC
DC Motema Pembe
Bai Bureh Warriors
Ports Authority FC
Steve Biko FC
Freetown City FC
Old Edwardians FC
Bhantal FC
Fosa Juniors FC
Wusum Stars
Freetonians SLIFA
 
Statystyki odpowiedzi
Odpowiedź % Poprawnych
Freetown City FC
100%
East End Lions FC
60%
Diamond Stars FC
40%
Kallon FC
40%
Ports Authority FC
40%
Bhantal FC
20%
Bo Rangers FC
20%
Mighty Blackpool FC
20%
Old Edwardians FC
20%
Wusum Stars
20%
Bai Bureh Warriors
0%
Freetonians SLIFA
0%
Nie znaleziono quizów pasujących do podanych kryteriów
Rozkład punktacji
Procent ludzi z każdym wynikiem
Percentyl według liczby udzielonych odpowiedzi
Twoja historia wyników
Nie rozwiązałeś tego quizu